| 000 | 00806nam a2200241Ia 4500 | ||
|---|---|---|---|
| 003 | OSt | ||
| 005 | 20220926012001.0 | ||
| 006 | a|||||r|||| 00| 0 | ||
| 007 | ta | ||
| 008 | 220923b |||||||| |||| 00| 0 eng d | ||
| 020 |
_a9870385720748 _c1318.9000000000001 |
||
| 037 |
_b5361, 27/11/2014, RAJKIRAN BOOK AGENCY _cGeneral Book |
||
| 040 |
_aRTL _cRTL _beng |
||
| 041 |
_2eng _aeng |
||
| 082 | _aX.2.N47, P2 | ||
| 100 |
_aDAS Gurcharan _9315345 |
||
| 245 | 0 |
_aIndia unbound _b The social economic revolution from independence to the global information age. |
|
| 260 |
_aNew York _bAnchor Books _c2002 |
||
| 300 |
_axix, 412p _ccm. |
||
| 650 | _aSociology | ||
| 942 |
_hX.2.N47, P2 _cGB _2CC |
||
| 999 |
_c621434 _d621434 |
||